Rabindranath Tagore / (Record no. 151331)

MARC details
000 -LEADER
fixed length control field 00560nam a22001817a 4500
005 - DATE AND TIME OF LATEST TRANSACTION
control field 20180417172418.0
010 ## - LCCN (DPL NO)
LC control number ENG-122759
020 ## - INTERNATIONAL STANDARD BOOK NUMBER
International Standard Book Number 9789382482079
Terms of availability 695.00
035 ## - SYSTEM CONTROL NUMBER
System control number EN-106291
037 ## - SOURCE OF ACQUISITION
Source of stock number/acquisition DBAD/PUB
082 ## - DEWEY DECIMAL CLASSIFICATION NUMBER
Classification number 863.1092
100 ## - MAIN ENTRY--PERSONAL NAME
Personal name Dubey, A.K.
245 ## - TITLE STATEMENT
Title Rabindranath Tagore /
Statement of responsibility, etc by A.K. Dubey
260 ## - PUBLICATION, DISTRIBUTION, ETC. (IMPRINT)
Place of publication, distribution, etc Delhi
Name of publisher, distributor, etc Gaurav Book Distributors
Date of publication, distribution, etc 2017
270 ## - ADDRESS
Address House No. 45, Ground Floor, Shivaji Marg, Gali No. 5, kartar Nagar,
City Delhi
Postal code 110053
300 ## - PHYSICAL DESCRIPTION
Extent 208p.
Dimensions 21cm.(Hb)
Other physical details ill.
942 ## - ADDED ENTRY ELEMENTS (KOHA)
Source of classification or shelving scheme Dewey Decimal Classification
Item type English Books
Call number suffix DUB
Classification part 863.1092
Holdings
Withdrawn status Lost status Not for loan Collection code Home library Current library Date acquired Source of acquisition Cost, normal purchase price Full call number Barcode Copy number Cost, replacement price Koha item type
    Not For Loan Non-fiction D.B.Act.Division Central Library 18/04/2018 DBAD/PUB 695.00 863.1092 DUB EN-106291 1 695.00 English Books

© Delhi Public Library
Hit Counter
free hit counter